000 01682nam0a2200421 4500
001 RU\NLR\bibl\1793184
005 20260409074645.0
010 _a978-5-91805-007-1
_9500
021 _aRU
_b2011-51656
_93688
035 _a(nilc)RSL-KNO-004969094
035 _a(NLR Aleph) 001783875
090 _a1714748
_c1714748
100 _a20110711d2011 |||y0rusy50 ca
101 0 _arus
102 _aRU
105 _aa |||||||||
200 1 _aИдеи христианского социализма в русской философской мысли
_eмонография
_fА.Ф. Гавриленков, Е.М. Грубник
210 _aСмоленск
_cРоссийский университет кооперации
_d2011
215 _a161 с.
_cил., табл., факс.
_d21
320 _aБиблиогр.: с. 147-155 и в подстроч. примеч.
606 1 _aХристианский социализм
_91914685
_3RU\NLR\auth\661161932
606 _aРелигиозная философия русская
_xИстория
_3RU\NLR\auth\661312673
_92183066
686 _aС3(2)6-156.66,0
_2rubbk
686 _aЮ3(2)5/6,0
_2rubbk
686 _aЭ37-118.77
686 _aЮ3(2)51-578
686 _aЮ3(2)6-678
700 1 _aГавриленков
_bА. Ф.
_gАлексей Федорович
_4070
701 1 _aГрубник
_bЕ. М.
_gЕлена Михайловна
_4070
801 0 _aRU
_bRuMoRKP
_c20110711
_grcr
801 1 _aRU
_bРГБ
_c20110711
801 2 _aRU
_bNLR
_c20110729
_grcr
830 _aавт. раскрыты по кн.
942 _cBOOK
980 _aNB
980 _aNBR